00760nam a2200253 a 4500001001300000003000900013005001700022008004100039020000900080082001400089100002400103245005300127260005700180300000800237500003500245505002900280650001700309650001300326700002400339902000800363942000700371952011300378999001500491nice12345678IN_TiNIC20260116013032.0050524s1993 bana grp 000 0 eng  ac2000a230bCHA3 aChandran, J Russell aI Believe....."b Christian Faith Re-Articulated aBangalorebStudent Christian Movement of Indiac1993 a80p aincludes index and biblioraphy2 aGlossary, Biblio., Index aChristianity aTheology1 aChandran, J Russell bSRS cBK 001040708StackRoom-aHMIbHMId2007-07-31g20.00l0o230 CHA3p014667r2007-07-31v20.00w2005-05-24yBK c9372d9372